四国八十八箇所霊場が所在する市町村(2000年) - Statistics

General Stats
  • This quiz has been taken 20 times
  • The average score is 56 of 88
Answer Stats
札所 寺号 市町村 % Correct
第1番 霊山寺 徳島県 鳴門市
100%
第2番 極楽寺 徳島県 鳴門市
100%
第13番 大日寺 徳島県 徳島市
100%
第14番 常楽寺 徳島県 徳島市
100%
第15番 国分寺 徳島県 徳島市
100%
第16番 観音寺 徳島県 徳島市
100%
第17番 井戸寺 徳島県 徳島市
100%
第30番 善楽寺 高知県 高知市
94%
第31番 竹林寺 高知県 高知市
94%
第33番 雪蹊寺 高知県 高知市
94%
第46番 浄瑠璃寺 愛媛県 松山市
94%
第47番 八坂寺 愛媛県 松山市
94%
第48番 西林寺 愛媛県 松山市
94%
第49番 浄土寺 愛媛県 松山市
94%
第50番 繁多寺 愛媛県 松山市
94%
第51番 石手寺 愛媛県 松山市
94%
第52番 太山寺 愛媛県 松山市
94%
第53番 圓明寺 愛媛県 松山市
94%
第54番 延命寺 愛媛県 今治市
94%
第55番 南光坊 愛媛県 今治市
94%
第56番 泰山寺 愛媛県 今治市
94%
第59番 国分寺 愛媛県 今治市
94%
第82番 根香寺 香川県 高松市
94%
第83番 一宮寺 香川県 高松市
94%
第84番 屋島寺 香川県 高松市
94%
第63番 吉祥寺 愛媛県 西条市
81%
第64番 前神寺 愛媛県 西条市
81%
第72番 曼荼羅寺 香川県 善通寺市
81%
第73番 出釈迦寺 香川県 善通寺市
81%
第74番 甲山寺 香川県 善通寺市
81%
第75番 善通寺 香川県 善通寺市
81%
第76番 金倉寺 香川県 善通寺市
81%
第79番 天皇寺 香川県 坂出市
81%
第81番 白峯寺 香川県 坂出市
81%
第21番 太龍寺 徳島県 阿南市
75%
第22番 平等寺 徳島県 阿南市
75%
第29番 国分寺 高知県 南国市
75%
第32番 禅師峰寺 高知県 南国市
75%
第39番 延光寺 高知県 宿毛市
75%
第68番 神恵院 香川県 観音寺市
75%
第69番 観音寺 香川県 観音寺市
75%
第3番 金泉寺 徳島県 板野町
69%
第4番 大日寺 徳島県 板野町
69%
第5番 地蔵寺 徳島県 板野町
69%
第6番 安楽寺 徳島県 上板町
69%
第18番 恩山寺 徳島県 小松島市
69%
第19番 立江寺 徳島県 小松島市
69%
第24番 最御崎寺 高知県 室戸市
69%
第25番 津照寺 高知県 室戸市
69%
第26番 金剛頂寺 高知県 室戸市
69%
第35番 清瀧寺 高知県 土佐市
69%
第36番 青龍寺 高知県 土佐市
69%
第38番 金剛福寺 高知県 土佐清水市
63%
第77番 道隆寺 香川県 多度津町
63%
第78番 郷照寺 香川県 宇多津町
63%
第65番 三角寺 愛媛県 川之江市
50%
第66番 雲辺寺 徳島県 池田町
50%
第11番 藤井寺 徳島県 鴨島町
44%
第12番 焼山寺 徳島県 神山町
44%
第20番 鶴林寺 徳島県 勝浦町
44%
第23番 薬王寺 徳島県 日和佐町
38%
第80番 國分寺 香川県 国分寺町
38%
第86番 志度寺 香川県 志度町
38%
第87番 長尾寺 香川県 長尾町
38%
第88番 大窪寺 香川県 長尾町
38%
第7番 十楽寺 徳島県 土成町
31%
第8番 熊谷寺 徳島県 土成町
31%
第9番 法輪寺 徳島県 土成町
31%
第10番 切幡寺 徳島県 市場町
31%
第27番 神峯寺 高知県 安田町
31%
第28番 大日寺 高知県 野市町
31%
第37番 岩本寺 高知県 窪川町
31%
第44番 大寶寺 愛媛県 久万町
31%
第60番 横峰寺 愛媛県 小松町
31%
第61番 香園寺 愛媛県 小松町
31%
第62番 宝寿寺 愛媛県 小松町
31%
第71番 弥谷寺 香川県 三野町
31%
第34番 種間寺 高知県 春野町
25%
第40番 観自在寺 愛媛県 御荘町
25%
第41番 龍光寺 愛媛県 三間町
25%
第42番 佛木寺 愛媛県 三間町
25%
第43番 明石寺 愛媛県 宇和町
25%
第85番 八栗寺 香川県 牟礼町
25%
第57番 栄福寺 愛媛県 玉川町
19%
第58番 仙遊寺 愛媛県 玉川町
19%
第67番 大興寺 香川県 山本町
19%
第70番 本山寺 香川県 豊中町
19%
第45番 岩屋寺 愛媛県 美川村
13%
No matching quizzes found
Score Distribution
Percent of People with Each Score
Percentile by Number Answered
Your Score History
You have not taken this quiz